| 000 | 00906cam a22002651 4500 | ||
|---|---|---|---|
| 001 | 6964463 | ||
| 005 | 20230327094938.0 | ||
| 008 | 760129s1951 nyua b 000 0 eng | ||
| 010 | _a 51010864 | ||
| 035 | _a(OCoLC)1953252 | ||
| 040 |
_aDLC _cDSI _dOCoLC _dDLC |
||
| 050 | 0 | 0 |
_aTL574.V5 _bS35 |
| 082 |
_a629.13236 _bSCA |
||
| 100 | 1 |
_aScanlan, Robert H. _942885 |
|
| 245 | 0 | 0 |
_aIntroduction to the study of aircraft vibration and flutter _c[by] Robert H. Scanlan [and] Robert Rosenbaum. |
| 260 |
_aNew York, _bMacmillan _c[1951] |
||
| 300 |
_ax, 428 p. _billus. _c25 cm. |
||
| 504 | _aBibliography: p. 357-378. | ||
| 650 | 0 |
_aVibration (Aeronautics) _9111415 |
|
| 650 | 0 |
_aFlutter (Aerodynamics) _9111416 |
|
| 700 | 1 |
_aRosenbaum, R. A. _q(Robert A.), _ejoint author. _9111417 |
|
| 740 | 0 | _aAircraft vibration and flutter. | |
| 906 |
_a7 _bcbc _coclcrpl _du _encip _f19 _gy-gencatlg |
||
| 942 |
_2ddc _cBK |
||
| 999 |
_c594311 _d594311 |
||